Statistics for SpongeBob SquarePants Franchise

Click here to take the quiz!

General Stats

  • This quiz has been taken 14 times
  • The average score is 8 of 178

Answer Stats

Type Year Name Info % Correct
TV Show1999-PresentSpongeBob SquarePantsNickelodeon
100%
Video Game2006SpongeBob SquarePants: Creature from the Krusty KrabTHQ
86%
Video Game2004The SpongeBob SquarePants MovieTHQ
71%
Film2015The SpongeBob Movie: Sponge Out of WaterParamount
71%
Book2004The SpongeBob SquarePants Movie: A Novelization of the Hit Movie!Marc Cesarini
71%
Graphic Novel2005SpongeBob SquarePants: The MovieStephen Hillenburg
57%
Musical2016-PresentSpongeBob SquarePants: The Broadway Musical(Various)
43%
Film2020The SpongeBob Movie: Sponge on the RunParamount
43%
Theme Park Attraction2005-2013SpongeBob SquarePants 4-D(Various)
29%
Video Game2020SpongeBob SquarePants: Battle for Bikini Bottom - RehydratedTHQ
29%
Video Game2003SpongeBob SquarePants: Battle for Bikini BottomTHQ
29%
Video Game2009SpongeBob's Truth or SquareTHQ
14%
Video Game2002SpongeBob SquarePants: Revenge of the Flying DutchmanTHQ
14%
Video Game2001SpongeBob SquarePants: SuperSpongeTHQ
0%
Book2008SpongeBob DetectivePants: The Case of the Vanished SquirrelDavid Lewman
0%
Book2008Spongezilla Attacks!Erica David
0%
Book2008For Singing Out Loud!: SpongeBob's Book of Showstopping JokesDavid Lewman
0%
Book2008Vote for SpongeBobErica Pass
0%
Book2008WhoBob WhatPants?Emily Sollinger
0%
Book2008SpongeBob's Slap ShotDavid Lewman
0%
Theme Park Attraction2008-PresentSpongeBob SquarePants Rock Bottom PlungeNickelodeon Universe
0%
Book2008The Big WinNickelodeon Publishing
0%
Book2008My Name Is CheeseheadErica David
0%
Video Game2008SpongeBob SquarePants: MonopolyNick Arcade
0%
Video Game2009SpongeBob vs. The Big One: Beach Party Cook-OffTHQ
0%
Album2009SpongeBob's Greatest HitsSpongeBob SquarePants
0%
Book2009SpongeBob Goes Green!: An Earth-Friendly AdventureMolly Reisner
0%
Book2009Good Ideas -- and Other DisastersRebecca McCarthy
0%
Book2009My Happy Book: SpongeBob's 10 Happiest MomentsAlison Inches
0%
Book2009SpongeBob's Hearty ValentineEmily Sollinger
0%
Book2008Blizzard Buster!: SpongeBob's Book of Frosty FunniesDavid Lewman
0%
Book2007Just Say "Please!"Sarah Willson
0%
Video Game2008SpongeBob SquarePants: The Game of LifeTHQ
0%
Book2007SpongeBob RippedPantsSarah Willson
0%
Book2006SpongeBob LovePantsErica Pass
0%
Video Game2007SpongeBob's Atlantis SquarePantisTHQ
0%
Video Game2007SpongeBob SquarePants: Underpants SlamTHQ
0%
Book2007SpongeBob PartyPantsOrli Zuravicky
0%
Book2007Yo-Ho-Ha-Ha-Ha!: A Pirate Joke BookDavid Lewman
0%
Book2007Scared Silly!: SpongeBob's Book of Spooky JokesDavid Lewman
0%
Book2007The Krabby Patty Special (with Extra Plankton)Orli Zuravicky
0%
Book2007Chuckle and Cringe: SpongeBob's Book of Embarrassing StoriesDavid Lewman
0%
Book2007My Trip to Atlantis: By SpongeBob SquarePantsSarah Albee
0%
Book2007Hooray for Dads!Erica Pass
0%
Book2007Behold, No Cavities!: A Visit to the DentistSarah Wilson
0%
Book2007Atlantis SquarePantsErica Pass
0%
Book2007Where's Gary?Nickelodeon Publishing
0%
Book2007Pirates of Bikini BottomDavid Lewman
0%
Graphic Novel2007Mistaken IdentityStephen Hillenburg
0%
Book2009Surf's Up, SpongeBob!David Lewman
0%
Book2009The Eye of the Fry Cook: A Story About Getting GlassesErica David
0%
Book2009Man Sponge Saves the DaySarah Willson
0%
Book2009SpongeBob RoundPantsNickelodeon Publishing
0%
Book2012SpongeBob Tees OffIlanit Oliver
0%
Book2011The Adventures of Man Sponge and Boy Patrick in What Were You Shrinking?David Lewman
0%
Book2011SpongeBob DetectivePants: The Case of the Ruined SignNickelodeon Publishing
0%
Book2011SpongeBob DetectivePants: The Case of the Lost ShellIlanit Oliver
0%
Book2011Go, Team SpongeBob!Molly Reisner
0%
Book2011The Bikini Bottom RaceScott Sonneborn
0%
Book2011Attack of the Zombies!Alex Harvey
0%
Comic Series2011-2018SpongeBob ComicsUnited Plankton/Bongo Comics
0%
Book2012The Adventures of Man Sponge and Boy Patrick in E.V.I.L. vs. I.J.L.S.A.Erica David
0%
Book2011SpongeBob's Runaway Road TripVeronica Paz
0%
Book2012Dancing with the StarAlex Harvey
0%
Video Game2013SpongeBob Moves In!Kung Fu Factory
0%
Video Game2013SpongeBob SquarePants: Plankton's Robotic RevengeActivision
0%
Theme Park Attraction2013-PresentSpongeBob SquarePants 4D: The Great Jelly Rescue(Various)
0%
Video Game2015SpongeBob HeroPantsActivision
0%
Book2000Tea at the TreedomeTerry Collins
0%
Book2000SpongeBob SquarePants Trivia BookDavid Fain
0%
TV Special2019The SpongeBob Musical: Live on Stage!Nickelodeon
0%
Book2011The Adventures of Man Sponge and Boy Patrick in Goodness, Man Ray!David Lewman
0%
Book2011Behind the Mask!Nickelodeon Publishing
0%
Book2009The Great EscapeEmily Sollinger
0%
Book2010The Great Patty CaperErica David
0%
Book2006Hoedown ShowdownKelli Chipponeri
0%
Book2009Good Times!Erica David
0%
Video Game2010SpongeBob's Boating BashTHQ
0%
Video Game2010SpongeBob for IOS????
0%
Book2010SpongeBob to the Rescue: A Trashy Tale About RecyclingNickelodeon Publishing
0%
Book2010SpongeBob, Soccer Star!David Lewman
0%
Book2010Crash Course!Veronica Paz
0%
Book2010Christmas with Krabby KlawsErica David
0%
Book2011Bring on the Funny!: A Collection of SpongeBob JokesNickelodeon Publishing
0%
Book2010The Best MomSarah Willson
0%
Book2010The Great Train MysteryDavid Lewman
0%
Video Game2011SpongeBob SquigglePantsTHQ
0%
Video Game2011SpongeBob Dinner Dash????
0%
Video Game2011SpongeBob's Surf & Skate RoadtripTHQ
0%
Book2011Batter Up, SpongeBob!David Lewman
0%
Book2011Legends of Bikini BottomNickelodeon Publishing
0%
Book2011Where'd It Go?: A Pop-Up BookNickelodeon Publishing
0%
Book2006SpongeBob RocksKelli Chipponeri
0%
Book2006For the Love of BubblesSteven Banks
0%
Graphic Novel2006Who's Hungry?Stephen Hillenburg
0%
Book2004SpongeBob Pops Up!Gene Vosough / Steven Banks
0%
Graphic Novel2003Krusty Krab AdventuresStephen Hillenburg
0%
Graphic Novel2003Friends ForeverStephen Hillenburg
0%
Book2003The Big Halloween ScareSteven Banks
0%
Book2003Special Delivery!Steven Banks
0%
Video Game2001SpongeBob SquarePants: Operation Krabby PattyTHQ
0%
Video Game2004SpongeBob SquarePants BowlingPlay Mechanix
0%
Book2004Ready for Laughs!: A Treasury of Undersea HumorDavid Lewman / David Fain
0%
Book2004Grand Prize Winner!N/A
0%
Book2003SpongeBob Airpants: The Lost EpisodeKitty Richards
0%
Book2004SpongeBob SpookyPantsLauryn Silverhardt
0%
Book2004SpongeBob Exposed! The Insider's Guide to SpongeBob SquarePantsSteven Banks
0%
Book2004SpongeBob's Best Day Ever!Lauryn Silverhardt
0%
Book2004And the Winner Is...Jenny Miglis
0%
Book2004SpongeBob and the PrincessDavid Lewman
0%
Graphic Novel2004Tales from Bikini BottomStephen Hillenburg
0%
Graphic Novel2004Crime and FunishmentStephen Hillenburg
0%
Book2003New Student StarfishJenny Miglis
0%
Book2003SpongeBob's Secret ValentineDavid Lewman
0%
Book2004Show Me the Bunny!Steven Banks
0%
Video Game2002SpongeBob SquarePants: Employee of the MonthTHQ
0%
Book2001Blast Off, Splash Down!Cynthia Hands
0%
Book2001SpongeBob SquarePants Flip BookN/A
0%
Book2001A Christmas Coral????
0%
Book2001The World's Greatest ValentineTerry Collins
0%
Book2001SpongeBob SuperstarAnnie Auerbach
0%
Book2001Sandy's RocketSteven Banks
0%
Book2001SpongeBob NaturePantsTerry Collins
0%
Book2002The Blow Up So FastGolden Books
0%
Book2003Hands Off!David Lewman
0%
Book2002Bottom's Up! Jokes from Bikini BottomDavid Lewman
0%
Video Game2003SpongeBob SquarePants CollapseGame House
0%
Video Game2003SpongeBob SquarePants DartsAcool.com
0%
Book2003SpongeBob JokepantsDavid Lewman
0%
Book2003Don't Rock the Boat!Golden Books
0%
Book2003Fish Happens!Tricia Boczkowski
0%
Book2003The SpongeBob SquarePants OracleDavid Lewman
0%
Book2003The Amazing SpongeBobiniSteven Banks
0%
Graphic Novel2004Another Day, Another Sand DollarStephen Hillenburg
0%
Book2004The Song That Never EndsSteven Banks
0%
Album2001SpongeBob SquarePants: Original Theme HighlightsSpongeBob SquarePants
0%
Book2000Naughty Nautical NeighborsAnnie Auerbach
0%
Graphic Novel2005Gone Jellyfishin'Stephen Hillenburg
0%
Graphic Novel2005SpongeBob SquarePants Saves the DayStephen Hillenburg
0%
Graphic Novel2005Gone Nutty!Stephen Hillenburg
0%
Graphic Novel2005Meow...Like a Snail?!Stephen Hillenburg
0%
Book2000Hall MonitorAnnie Auerbach
0%
Book2005UFO!Adam Beechen
0%
Book2005Happy Birthday, SpongeBob!J. P. Chanda
0%
Video Game2006SpongeBob SquarePants Diner Dash????
0%
Book2005SpongeBob Goes to the DoctorSteven Banks
0%
Album2006SpongeBob SquarePants: The Best Day EverSpongeBob & The Hi-Seas
0%
Book2006Nautical Nonsense: A SpongeBob Joke BookStephen Hillenburg / Wendy Wax
0%
Book2006SpongeBob DetectivePants in the Case of the Vanished SquirrelDavid Lewman
0%
Book2006Lost in Time: A Medieval AdventureSteven Banks
0%
Book2000SpongeBob SquarePants Joke BookDavid Lewman
0%
Book2006The Art Contest: No Cheating Allowed!Stephen Hillenburg / Steven Banks
0%
Book2006A Very Krusty ChristmasDavid Lewman
0%
Book2006Mother Knows BestSarah Wilson
0%
Book2005Zoo Day DisasterDavid Lewman
0%
Book2005Stop the Presses!Steven Banks
0%
Book2004Camp SpongeBobKim Ostrow / Molly Reisner
0%
Video Game2005SpongeBob SquarePants: The Yellow AvengerTHQ
0%
Book2004Bubble Blowers, Beware!David Lewman
0%
Book2004Hold Your Sea Horses!Nickelodeon Publishing
0%
Book2004Ice-Cream DreamsNancy Krulik
0%
Book2004Road TripAdam Beechen
0%
Video Game2001SpongeBob SquarePants: Legend of the Lost SpatulaTHQ
0%
Video Game2005SpongeBob SquarePants: 3D Obstacle Odyssey????
0%
Video Game2005SpongeBob SquarePants: Lights, Camera, Pants!THQ
0%
Album2005SpongeBob SquarePants: The Yellow AlbumSpongeBob SquarePants
0%
Book2005SpongeBob's Easter ParadeSteven Banks
0%
Book2005SpongeBob's Book of ExcusesHolly Kowitt
0%
Book2005Wheel of WishesSonali Fry
0%
Book2005Go, Graduate!: All the Best from Bikini BottomDavid Lewman
0%
Book2005Bikini Bottom RiddlesDavid Lewman
0%
Book2005SpongeBob SantaPantsErica Pass
0%
Book2005Oh, Barnacles!: SpongeBob's Handbook for Bad DaysDavid Lewman
0%
Book2005Jokes from the Krusty KrabDavid Lewman
0%
Book2005Great Snail RaceKim Ostrow
0%
Book2006Class ConfusionSarah Wilson
0%

Score Distribution

Percentile by Number Answered

Percent of People with Each Score

Your Score History

You have not taken this quiz